| 000 | 00346nam a2200133Ia 4500 | ||
|---|---|---|---|
| 008 | 231017s9999 xx 000 0 und d | ||
| 082 | _a620.196 | ||
| 082 | _bEVE | ||
| 245 | 0 | _aDevelopment of an Aggregate Size Term for a Reseal Intervention Model (AP-R271/05) | |
| 245 | 0 | _cAustroads | |
| 260 | _bAustroads | ||
| 300 | _c30cm | ||
| 942 | _cREP | ||
| 999 |
_c604003 _d604003 |
||